000 01063nac a22003011i 4500
003 EG-ScBUE
005 20241107100733.0
008 241107t2008 caua f b 001 0 eng d
020 _a9780495382232
020 _a049538223X
040 _aEG-ScBUE
_beng
_erda
_cEG-ScBUE
_dEG-ScBUE
082 0 4 _a519.2
_bDEV
_222
100 1 _aDevore, Jay L.,
_eauthor.
245 1 0 _aProbability and statistics for engineering and the sciences /
_cJay L. Devore, California Polytechnic State University, San Luis Obispo.
250 _aSeventh edition.
250 _aInternational student edition.
264 1 _aBelmont, CA :
_bThomson Higher Education,
_c[2008]
264 4 _cc2008
300 _axvi, 720 pages :
_billustrations (some color) ;
_c25 cm
336 _2rdacontent
_atext
_btxt
337 _aunmediated
_2rdamedia
_bn
338 _avolume
_bnc
_2rdacarrier
504 _aIncludes bibliographical references and index.
650 7 _aProbabilities.
_2BUEsh
650 7 _aMathematical statistics.
_2BUEsh
655 _vReading book
942 _cBB
_2ddc
999 _c8742
_d8742